Інвентарі Олицького замку XVII–XVIII століть (Запис № 342495)

МАРК-запис
000 -Лідер
fixed length control field 00851nam a22002417a 4500
001 - Контрольний номер
control field 56409
003 - Ідентифікатор контрольного номера
control field UA-OsUOA
005 - Дата та час останнього входження (трансакції)
control field 20230504161255.0
007 - Фіксоване поле фізичного опису
fixed length control field ta
008 - Елементи даних фіксованої довжини – загальна інформація
fixed length control field 20081024b un ||||| |||| 00| 0 ukr d
020 ## - Міжнародний стандартний книжковий номер (ISBN)
Міжнародний стандартний книжковий номер (ISBN) (НП) 978-966-8770-74-6
040 ## - Джерело каталогізації
Агенція оригінальної каталогізації UA-OsUOA
Мова каталогізації ukr
Агенція, яка здійснювала перезапис UA-OsUOA
Агенція, яка здійснювала модифікацію UA-OsUOA
041 ## - Код мови
Код мови тексту/ звукової доріжки чи окремого заголовка (П) ukr
080 ## - Індекс Універсальної десяткової класифікації
Індекс Універсальної десяткової класифікації (УДК) (НП) 908(477.81):728.71
090 ## - Локальний шифр розміщення
Класифікаційний індекс УДК 908(477.81):728.71
Авторський знак (НП) І-58
245 ## - Відомості про назву
Назва (НП) Інвентарі Олицького замку XVII–XVIII століть
Дані про відповідальність (НП) зібрав і підготував до друку Володимир Александрович
Решта назви (НП) збірник документів
260 ## - Публікація, розповсюдження і т.п. (Вихідні дані)
Місце публікації, розповсюдження і т.п. (П) Луцьк
Ім’я/ наймення видавництва, розповсюджувача і т.п. (П) Твердиня
Дата публікації, розповсюдження і т.п. (П) 2007
300 ## - Фізичний опис
Обсяг 276 с.
650 #7 - Додаткове предметне введення – тематичний термін
Тематичний термін чи географічна назва, як елемент введення (НП) 908 Краєзнавство
Джерело заголовка чи терміна UDC
942 ## - Додаткові елементи входу (Коха)
Тип елемента Koha Книги
Source of classification or shelving scheme Universal Decimal Classification
955 ## - Код типу видання за змістом
Код типу видання за змістом (НП) Навчальні видання
Фонди
Стан вилучень Стан втрат Джерело класифікації або схеми стелажів Стан уражень Не для кредиту Постійне місце розташування Поточне розміщення Дата придбання Джерело придбання Вартість, звичайна ціна покупки Інвентарний номер Усього замовленно Повний номер виклику Штрих-код Дата останнього перегляду Ціна ефективна від Тип елемента Koha Код колекції
    Universal Decimal Classification     АБ - Абонемент НБ АБ - Абонемент НБ 24/10/2008 141/2008 18.00 116568   908(477.81):728.71 І-58 116568 17/01/2022 24/10/2008 Книги  
    Universal Decimal Classification     АБ - Абонемент НБ АБ - Абонемент НБ 24/10/2008 141/2008 18.00 116569   908(477.81):728.71 І-58 116569 17/01/2022 24/10/2008 Книги  
    Universal Decimal Classification     АБ - Абонемент НБ АБ - Абонемент НБ 24/10/2008 141/2008 18.00 116570   908(477.81):728.71 І-58 116570 17/01/2022 24/10/2008 Книги  
    Universal Decimal Classification     ЧЗ - Читальна зала ЧЗ - Читальна зала 04/11/2008 146/2008 15.00 116695   908(477.81);728.71 І 58 116695 07/02/2022 04/11/2008 Книги Колекція Пасічника І.Д.